空港が立地する自治体 - Statistics

General Stats
  • This quiz has been taken 140 times
  • The average score is 79 of 112
Answer Stats
空港 自治体 % Correct
成田国際 成田市
97%
稚内 稚内市
95%
旭川 旭川市
95%
新千歳 千歳市
94%
函館 函館市
94%
東京国際 大田区
93%
釧路 釧路市
93%
新潟 新潟市
93%
高松 高松市
93%
松山 松山市
93%
福岡 福岡市
93%
北九州 北九州市
93%
帯広 帯広市
93%
秋田 秋田市
93%
山口宇部 宇部市
93%
那覇 那覇市
89%
大阪国際 伊丹市
88%
宮崎 宮崎市
88%
花巻 花巻市
88%
青森 青森市
87%
松本 松本市
85%
関西国際 泉佐野市
84%
礼文 礼文町
84%
中標津 中標津町
83%
佐渡 佐渡市
83%
神戸 神戸市
83%
対馬 対馬市
83%
中部国際 常滑市
82%
岡南 | 岡山 岡山市
82%
長崎 大村市
81%
奥尻 奥尻町
81%
紋別 紋別市
81%
出雲 出雲市
81%
大島 大島町
80%
佐賀 佐賀市
80%
札幌 札幌市
80%
仙台 名取市
79%
富山 富山市
79%
鳥取 鳥取市
79%
奄美 奄美市
79%
八丈島 八丈町
78%
壱岐 壱岐市
78%
岩国 岩国市
78%
屋久島 屋久島町
77%
大阪国際 豊中市
76%
三沢 三沢市
76%
小松 小松市
76%
利尻 利尻富士町
75%
新石垣 石垣市
75%
南紀白浜 白浜町
74%
下地島 | 宮古 宮古島市
74%
天草 天草市
74%
高知 南国市
73%
三宅島 三宅村
73%
与論 与論町
73%
与那国 与那国町
73%
調布 調布市
73%
名古屋 名古屋市
73%
庄内 酒田市
71%
新島 新島村
71%
能登 輪島市
71%
福江 五島市
71%
隠岐 隠岐の島町
70%
久米島 久米島町
70%
北大東 北大東村
70%
鹿児島 霧島市
69%
神津島 神津島村
69%
南大東 南大東村
69%
大分 国東市
68%
庄内 鶴岡市
68%
喜界 喜界町
68%
八尾 八尾市
68%
広島 三原市
66%
大阪国際 池田市
63%
大館能代 北秋田市
63%
小値賀 小値賀町
63%
名古屋 小牧市
63%
関西国際 田尻町
62%
静岡 牧之原市
61%
伊江島 伊江村
61%
但馬 豊岡市
61%
成田国際 芝山町
60%
石見 益田市
60%
仙台 岩沼市
59%
上五島 新上五島町
59%
種子島 中種子町
59%
多良間 多良間村
59%
山形 東根市
58%
粟国 粟国村
57%
関西国際 泉南市
55%
女満別 大空町
54%
静岡 島田市
54%
熊本 益城町
52%
名古屋 春日井市
50%
福井 坂井市
47%
波照間 竹富町
47%
旭川 東神楽町
45%
福島 須賀川市
43%
松本 塩尻市
43%
名古屋 豊山町
43%
調布 三鷹市
42%
成田国際 多古町
39%
大分県央 豊後大野市
39%
沖永良部 和泊町
38%
百里 小美玉市
38%
美保 米子市
37%
徳之島 天城町
33%
徳島 松茂町
33%
慶良間 座間味村
26%
福島 玉川村
23%
No matching quizzes found
Score Distribution
Percent of People with Each Score
Percentile by Number Answered
Your Score History
You have not taken this quiz